000 00569nam a2200181Ia 4500
008 151202s9999||||xx |||||||||||||| ||und||
082 _bPNVM-46899
100 _aअत्रे प्रभा.
245 _aसुस्वराली.
260 _b"बुकमार्क पब्लिकेशन, पुणे."
260 _c2004
300 _a150
600 _aअत्रे प्रभा.
630 _aसुस्वराली.
700 _aअत्रे प्रभा.
730 _aसुस्वराली.
942 _cBOOK
999 _c1312849
_d1312846